| 000 | 01667nam a2200361 i 4500 | ||
|---|---|---|---|
| 001 | 000014774 | ||
| 003 | DO-SdBNP | ||
| 005 | 20240814093827.0 | ||
| 007 | ta | ||
| 008 | 100122s2001 sp abc e 000 0 spa d | ||
| 020 | _a8489898502 (Obra completa) | ||
| 020 | _a848989860X (t. 10) | ||
| 020 | _a8489898618 (t. 11) | ||
| 020 | _a8489898626 (t. 12) | ||
| 020 | _a8489898634 (t. 13) | ||
| 020 | _a8489898502 (t. 15) | ||
| 020 | _a8489898669 (t. 16) | ||
| 040 |
_aDO-SdBNP _bspa _cBNPHU _erda |
||
| 082 | 4 |
_a036.1 _bL332 _222 |
|
| 245 | 0 | 0 | _aLarousse 2000 / |
| 250 | _a4a. edición | ||
| 264 | 1 |
_aBarcelona, España : _bPlaneta, _bTemáticos Larousse, _c©2001. |
|
| 300 |
_a16 volúmenes : _bilustraciones, mapas, retratos ; _c30 cm. |
||
| 336 |
_atexto _btxt _2rdacontent |
||
| 337 |
_asin mediación _bn _2rdamedia |
||
| 338 |
_avolumen _bnc _2rdacarrier |
||
| 500 | _aLa biblioteca posee los volúmenes: 10, 11, 12, 13, 15 y 16. | ||
| 505 | 0 |
_gt. 1 -- _tA-Arbes -- _gt. 2. -- _tArbil-böll -- _g t. 3. -- _tBolla-chacnité -- _gt. 4. -- _tChaco-cuadrante -- _gt. 5. -- _tCuadrar-encapado -- _gt. 6. -- _tEncapar-flamen -- _gt. 7. -- _tFlamenco-Primera Guerra Mundial -- _gt. 8. -- _tSegunda Guerra Mundial-inusual -- _gt. 9. -- _tInútil-Livigno -- _gt. 10. -- _tLivindo-mímica -- _gt. 11. -- _tMímico-orden -- _gt. 12. -- _tOrdenación-pololos -- _gt. 13. -- _tPolonés-rival -- _gt. 14. -- _tRivalidad-solemnizar -- _gt. 15. -- _tSolenocito-tristes -- _gt. 16. -- _tTristeza-zydeco / |
|
| 590 | _aInventariado, 2024/ YL | ||
| 650 | 0 |
_aDiccionario Enciclópedico _986131 |
|
| 910 | _aYLockward. Validado, control de calidad/MAA | ||
| 942 |
_2ddc _cLBS1 |
||
| 999 |
_c14357 _d14357 |
||